Pevnostná kontrola nosnej konštrukcie strojov pre dopravné staviteľstvo

Bibliographic Details
Main Authors: Košábek, Juraj, 1921- (Author), Monoši, Mikuláš, 1955- (Author)
Format: Book
Language:Slovak
PhysicalDescription:59 s. sch. 21 cm
Published: Žilina Vysoká škola dopravy a spojov 1994
Edition:1. vyd.
Subjects:

MARC

LEADER 00000nam a2200000 a 4500
001 vtls008186616
003 SK-MaSNL
005 20260301074629.0
008 240318s1994 xo d p 000 0 slo
020 |q (brož.) 
040 |a SNK  |b slo  |c SNK  |e AACR2 
041 0 |a slo 
044 |a xo  |c SK 
072 7 |a 624  |x Inžinierske staviteľstvo  |2 konspekt 
080 |a 624.07  |2 MDT-MRF 
080 |a 69-1  |2 MDT-MRF 
080 |a 625  |2 MDT-MRF 
080 |a (075.8)  |2 MDT-MRF 
100 1 |a Košábek, Juraj,  |d 1921-  |4 aut  |9 223390 
245 1 0 |a Pevnostná kontrola nosnej konštrukcie strojov pre dopravné staviteľstvo  |c [spracovali] Juraj Košárek, Mikuláš Monoši 
250 |a 1. vyd. 
260 |a Žilina  |b Vysoká škola dopravy a spojov  |c 1994 
300 |a 59 s.  |b sch.  |c 21 cm 
650 0 7 |a stavebné stroje  |2 SNKPH  |9 67895 
650 0 7 |a nosné konštrukcie  |2 SNKPH  |9 67315 
650 0 7 |a pevnosť  |2 SNKPH  |9 1636 
650 0 7 |a dopravné stavby  |2 SNKPH  |9 30389 
655 7 |a učebnice vysokých škôl  |2 SNKPH  |9 70191 
700 1 |a Monoši, Mikuláš,  |d 1955-  |4 aut  |9 218659 
958 |a OND 
999 |c 647751  |d 649681 
952 |a SNK  |b SNK  |y PREZ  |7 0  |p 17A0474248  |o snkSC 120871  |i snk2005/13149  |8 1  |0 0  |1 0  |4 0  |d 2005-07-27  |l 0  |r 2025-05-30 00:00:00  |w 2026-02-23